MLB: Top 50 Active Players: Saves - Statistics

General Stats
  • This quiz has been taken 187 times
    79 since last reset
  • The average score is 24 of 50
Answer Stats
# Player Saves % Correct
3 Aroldis Chapman 370
100%
2 Craig Kimbrel 440
100%
4 Edwin Díaz 257
100%
1 Kenley Jansen 479
100%
30 Mason Miller 55
100%
24 Alexis Diaz 75
89%
10 David Bednar 116
89%
T16 Pete Fairbanks 92
89%
21 Andrés Muñoz 79
78%
18 Devin Williams 88
78%
33 Jeff Hoffman 47
78%
6 Josh Hader 227
78%
5 Raisel Iglesias 256
78%
12 Ryan Helsley 110
78%
8 Carlos Estévez 127
67%
26 Emilio Pagán 70
67%
7 Emmanuel Clase 182
67%
27 Félix Bautista 67
67%
50 Jason Adam 25
67%
31 Trevor Megill 54
67%
15 Jhoan Durán 95
56%
22 Tanner Scott 78
56%
13 Camilo Doval 108
44%
9 Jordan Romano 117
44%
11 Kyle Finnegan 112
44%
T16 Paul Sewald 92
44%
23 Robert Suárez 77
44%
19 Taylor Rogers 83
44%
T46 Will Vest 28
44%
29 Gregory Soto 57
33%
32 José Alvarado 52
33%
T41 Rafael Montero 30
33%
T43 Ryan Walker 29
33%
25 Clay Holmes 74
22%
34 Evan Phillips 46
22%
14 Kirby Yates 98
22%
T46 Luke Jackson 28
22%
35 Seranthony Domínguez 43
22%
T43 Yimi García 29
22%
48 Adbert Alzolay 27
11%
T43 Alex Lange 29
11%
20 Blake Treinen 82
11%
T41 Hunter Strickland 30
11%
T38 A.J. Minter 36
0%
49 A.J. Puk 26
0%
40 Jason Foley 35
0%
T38 Jordan Hicks 36
0%
36 José Leclerc 41
0%
37 Lou Trivino 37
0%
28 Scott Barlow 59
0%
No matching quizzes found
Score Distribution
Percent of People with Each Score
Percentile by Number Answered
Your Score History
You have not taken this quiz since the last reset